000 00562nam a2200193Ia 4500
003 OSt
005 20240515124914.0
008 210719s1976 xx 000 0 und d
040 _cAL
041 _akan
082 _a915.487K NAMM
245 _aNamma Karkala mattu Shri Venkataramana Svami:
_bನಮ್ಮ ಕಾರ್ಕಳ ಮತ್ತು ಶ್ರೀ ವೆಂಕಟರಮಣ ಸ್ವಾಮಿ
260 _aMangaluru
_bK V Joshi
_c1976
300 _a64
_bPB
365 _cRs
650 _aGeography
_9164654
906 _aKarnataka
942 _2ddc
_cBK
999 _c213058
_d213058